000 00464nam a22001937a 4500
005 20230517105147.0
008 230517b |||||||| |||| 00| 0 eng d
020 _a9788177581898
082 _a658.3
_bROB-O
100 _aRobbins;Stephen.P
245 _aOrganizational behavior
250 _a11th ed.
260 _aIndia
_bPearson
_c2006
300 _a622
500 _aIncludes Index
650 _aManagement
700 _aStephen P.Robbins
999 _c18367
_d18367